000 00917cam a22002774a 4500
999 _c104
_d104
001 13027958
003 OSt
005 20210603074948.0
008 021211s2004 mau b 001 0 eng
010 _a 2002038642
020 _a0205379052 (pbk.)
040 _aDLC
_cDLC
_dDLC
042 _apcc
050 0 0 _aH61
_b.B4715 2004
082 0 0 _a300/.7/2
_221
100 1 _aBerg, Bruce L.
_q(Bruce Lawrence),
_d1954-
245 1 0 _aQualitative research methods for the social sciences /
_cBruce L. Berg.
250 _a5th ed.
260 _aBoston :
_bPearson,
_cc2004.
300 _axv, 336 p. ;
_c23 cm.
504 _aIncludes bibliographical references and indexes.
650 0 _aSocial sciences
_xResearch
_xMethodology.
906 _a7
_bcbc
_corignew
_d1
_eocip
_f20
_gy-gencatlg
942 _2lcc
_cBK
_nJO